Advances in fruit breeding
Gespeichert in:
| 1. Verfasser: | |
|---|---|
| Weitere Verfasser: | |
| Format: | Buch |
| Sprache: | Englisch |
| Veröffentlicht: |
West Lafayette
Purdue University
1975
|
| Schlagworte: | |
| Tags: |
Tag hinzufügen
Keine Tags, Fügen Sie den ersten Tag hinzu!
|
MARC
| LEADER | 00000nam a2200000 a 4500 | ||
|---|---|---|---|
| 001 | UCS8143 | ||
| 003 | CL-VaPUC | ||
| 008 | 971031e19750000us |||||||||||||||||eng|d | ||
| 082 | 0 | 4 | |a 581.16 |b JAN |2 21 |
| 100 | |a Janick, Jules |e author |9 599568 | ||
| 700 | |a Moore, James N. |e autor |9 527446 | ||
| 245 | 1 | 0 | |a Advances in fruit breeding |
| 300 | |a 623 p | ||
| 942 | |c BK | ||
| 945 | |d 19971031 00:00:00 |a jquezada | ||
| 260 | |a West Lafayette |b Purdue University |c 1975 | ||
| 650 | 7 | |a REPRODUCCION DE LAS PLANTAS |2 CL-VaPUC |9 264393 | |
| 650 | 0 | |a Tecnología |9 256742 | |
| 650 | 0 | |a Genética agrícola |9 390119 | |
| 650 | 0 | |a Producción agrícola |9 353481 | |
| 650 | 7 | |a PROPAGACION |2 CL-VaPUC |9 393100 | |
| 583 | |a last modification |c 20171211 12:48:38 |k Rodrigo Vera | ||
| 999 | |c 262764 |d 262762 | ||